College algebra / (Record no. 1066)
[ view plain ]
| 000 -LEADER | |
|---|---|
| fixed length control field | 00622nam a22001937a 4500 |
| 005 - DATE AND TIME OF LATEST TRANSACTION | |
| control field | 20230213084214.0 |
| 008 - FIXED-LENGTH DATA ELEMENTS--GENERAL INFORMATION | |
| fixed length control field | 230213b |||||||| |||| 00| 0 eng d |
| 020 ## - INTERNATIONAL STANDARD BOOK NUMBER | |
| International Standard Book Number | 971-08-1897-x |
| 082 ## - DEWEY DECIMAL CLASSIFICATION NUMBER | |
| Classification number | 512 H326 1964 |
| 100 ## - MAIN ENTRY--PERSONAL NAME | |
| Personal name | Hart, William L. |
| Relator term | author |
| 245 ## - TITLE STATEMENT | |
| Title | College algebra / |
| Statement of responsibility, etc. | William L. Hart |
| 250 ## - EDITION STATEMENT | |
| Edition statement | 4th ed. |
| 260 ## - PUBLICATION, DISTRIBUTION, ETC. | |
| Place of publication, distribution, etc. | USA: |
| Name of publisher, distributor, etc. | D.C. Heath, |
| Date of publication, distribution, etc. | c1964. |
| 300 ## - PHYSICAL DESCRIPTION | |
| Extent | x, 480p. |
| 504 ## - BIBLIOGRAPHY, ETC. NOTE | |
| Bibliography, etc. note | Includes index |
| 505 ## - FORMATTED CONTENTS NOTE | |
| Formatted contents note | Originally published: Boston D.C. Health, 1953 |
| 541 ## - IMMEDIATE SOURCE OF ACQUISITION NOTE | |
| Accession number | 754 c.1, 755 c.2, 756 c.3, 757 c.4, 758 c.5, 759 c.6, 4885 c.7, 4886 c.8, 4887 c.9, 4888 c.10, 4889 c.11 |
| 650 ## - SUBJECT ADDED ENTRY--TOPICAL TERM | |
| Topical term or geographic name entry element | Algebra |
| Withdrawn status | Lost status | Source of classification or shelving scheme | Damaged status | Not for loan | Home library | Current library | Date acquired | Total Checkouts | Full call number | Barcode | Date last seen | Copy number | Price effective from | Koha item type |
|---|---|---|---|---|---|---|---|---|---|---|---|---|---|---|
| Dewey Decimal Classification | ctu-moalboal | ctu-moalboal | 06/13/2011 | 512 H326 1964 | 754 | 02/13/2023 | 1 | 02/13/2023 | Books-Reference | |||||
| Dewey Decimal Classification | ctu-moalboal | ctu-moalboal | 06/13/2011 | 512 H326 1964 | 755 | 02/13/2023 | 2 | 02/13/2023 | Books-Reference | |||||
| Dewey Decimal Classification | ctu-moalboal | ctu-moalboal | 06/13/2011 | 512 H326 1964 | 756 | 02/13/2023 | 3 | 02/13/2023 | Books-Reference | |||||
| Dewey Decimal Classification | ctu-moalboal | ctu-moalboal | 06/13/2011 | 512 H326 1964 | 757 | 02/13/2023 | 4 | 02/13/2023 | Books-Reference | |||||
| Dewey Decimal Classification | ctu-moalboal | ctu-moalboal | 08/19/2016 | 512 H326 1964 | 4885 | 02/13/2023 | 7 | 02/13/2023 | Books-Reference | |||||
| Dewey Decimal Classification | ctu-moalboal | ctu-moalboal | 08/19/2016 | 512 H326 1964 | 4888 | 02/13/2023 | 10 | 02/13/2023 | Books-Reference |